| 000 | 004330000a22001690004500 | ||
|---|---|---|---|
| 003 | MACL | ||
| 005 | 20151231154852.0 | ||
| 008 | 151231b xxu||||| |||| 00| 0 eng d | ||
| 040 |
_aMACL _cMACL |
||
| 041 | _aEnglish | ||
| 082 | _a340.9/GHA | ||
| 100 |
_aGharpure, J R _925864 |
||
| 245 | _aRights of Women Under the Hindu Law | ||
| 260 |
_bUniversity of Bombey _c1943 _aBombay |
||
| 650 |
_aLaw _925865 |
||
| 942 |
_cBK _k340.9/gha _2ddc |
||
| 999 |
_c34622 _d34622 |
||